| 000 | 00363nam a22001457a 4500 | ||
|---|---|---|---|
| 020 | _a8122420087 | ||
| 082 |
_222 _a629.819 |
||
| 100 | _aNagrath, I. J. | ||
| 245 | _aControl systems engineering / | ||
| 250 | _a5th. | ||
| 260 |
_aNew Delhi, _bNew Age International, _cc2007. |
||
| 300 |
_axiii, 895 p. ; _bill. ; _c24 cm. |
||
| 942 |
_2ddc _cECE _03 |
||
| 999 |
_c58 _d58 |
||
| 999 |
_c96 _d96 |
||